000 00401nam a2200157 i 4500
001 bg
100 1 _aO'REILLY, M. P.
245 0 _aCyclic loading of soils :
_bfrom theory to design /
_ced by M.P. O'Reilly, S.F. Brown.
260 _aNew York,
_c1991.
700 1 _aBROWN, S. F.
040 _cBPK
041 _apol
080 _a624.131
942 _cKS
008 s pl f |000 0 pol
999 _c29686
_d29686